[Event "Maastricht Limburg op-C 4th"]
[Site "Maastricht"]
[Date "2010.05.22"]
[Round "3"]
[White "Senden, Sjef"]
[Black "Henrotte, Nils"]
[Result "1/2-1/2"]
[WhiteElo "1710"]
[BlackElo "1655"]
[PlyCount "58"]
[EventDate "2010.05.21"]
[EventType "swiss"]
[EventRounds "7"]
[EventCountry "NED"]
[SourceTitle "EXT 2011"]
[Source "ChessBase"]
[SourceDate "2010.11.26"]
[SourceVersion "1"]
[SourceVersionDate "2010.11.26"]
[SourceQuality "1"]

1. d4 d5 2. Nf3 Nf6 3. c4 c5 4. e3 e6 5. Nc3 Nc6 6. Be2 dxc4 7. Bxc4 cxd4 8. exd4 Bd6 9. 0-0 a6 10. Bg5 0-0 11. d5 Na5 12. Be2 exd5 13. Nxd5 Bxh2+ 14. Nxh2 Qxd5 15. Bxf6 Qxd1 16. Rfxd1 gxf6 17. Rd5 Nc6 18. Rd6 Be6 19. Ng4 Kg7 20. b3 Rad8 21. Rad1 Rxd6 22. Rxd6 Rd8 23. Rxd8 Nxd8 24. Ne3 Nc6 25. Bf3 Bc8 26. Nc4 Nb4 27. a3 Nc2 28. Be4 Nd4 29. Nd6 f5 1/2-1/2